| 000 | 00356nam a2200145Ia 4500 | ||
|---|---|---|---|
| 008 | 230917s9999||||xx |||||||||||||| ||und|| | ||
| 040 |
_e247012 _aMAIN |
||
| 041 | _aEnglish | ||
| 082 | _a346.015 A22D | ||
| 100 | _aArchana | ||
| 245 | 0 | _aProtection of women from domestic violence: A critical study | |
| 260 | _c2015 | ||
| 300 | _a103 p. | ||
| 942 | _cTH | ||
| 999 |
_c127979 _d127979 |
||